[Event "Moniek_Janssen's Schweizer System"]
[Site "T#646157Emanuel Laske"]
[Date "2020.05.18"]
[Round "9"]
[White "SecantFX"]
[Black "Weltszmerc"]
[Result "1-0"]
[WhiteElo "1871"]
[BlackElo "2120"]
[Annotator "TA"]
[PlyCount "129"]
[EventDate "2020.05.18"]
[EventType "swiss (blitz)"]

{[%evp 9,129,-27,40,33,39,26,54,56,52,34,39,0,0,-6,-12,-10,-6,-12,11,-30,-41,-83,-92,-91,-54,-61,-58,-49,58,0,14,-45,-46,-126,-104,-173,-159,-252,-160,-168,-162,-170,-70,-60,-57,-167,5,-20,-41,-99,-91,-104,-77,-86,-43,-100,-93,-86,-75,-178,-185,-185,-185,-150,-136,-139,-153,-148,-109,-277,-247,-224,-159,-353,-212,-196,-119,-133,-93,-107,0,-229,-111,-177,-195,-190,-164,-189,-141,-179,-211,-452,-196,-299,-67,-73,-81,-6287,-6187,-29964,-29969,-29965,-29967,-29971,-29972,-29971,-29973,-29975,-29975,-29986,-29987,-29987,-29984,-29987,-29988,-29988,-29989,-29989,-29990,-29990,-29991,-29991]} 1. g3 Nf6 2. Bg2 d5 3. f4 c6 4. Nf3 Bg4 5. e3 {[#]} Bc8 $146 (5... Nbd7 $11) ({Predecessor:} 5... Bxf3 6. Bxf3 h5 7. b3 h4 8. g4 Nbd7 9. Bb2 e6 10. Qe2 Qc7 11. g5 Ne4 12. Bxe4 dxe4 {1-0 (21) Aycock,A (1848)-Che,T (1582) ICCF email 2016}) 6. O-O {A03: Bird's Opening with 1...d5.} Bg4 7. d3 Bxf3 8. Qxf3 {White is slightly better.} Nbd7 9. h3 e5 10. fxe5 Nxe5 11. Qf2 Bd6 12. Nc3 O-O 13. Ne2 Qc7 14. Nf4 Ned7 15. h4 Ng4 16. Qf3 Nde5 17. Qe2 {Threatens to win with d4.} Qd7 18. d4 Nc4 (18... Ng6 $1 $15) 19. Bh3 (19. e4 $14) 19... f5 {[#]} 20. Bxg4 (20. e4 $1 $11 {[%mdl 512]}) 20... fxg4 $15 21. b3 (21. e4 $1 $15) 21... Nb6 22. Bb2 (22. Qd3 $17) 22... Rae8 $19 23. Qg2 (23. Qd3 $17 {is the only way for White.}) 23... Re4 24. Rae1 Rfe8 25. Bc1 Bb4 ({Black should try} 25... Bxf4 $1 $19 26. Rxf4 Rxf4 27. gxf4 Qf5) 26. Re2 Bc3 27. Nd3 {[#]} (27. Ref2 $15) 27... Qe7 $2 ({Better is} 27... Bxd4 $1 $19 {[%mdl 512]} 28. Rfe1 (28. exd4 Rxe2) 28... Qe7) 28. Ref2 Nd7 ({Much worse is} 28... Rxe3 $6 29. Bxe3 Qxe3 30. Kh2 $16) 29. Rf4 (29. Rf7 $15 Qxf7 30. Rxf7 Kxf7 31. Qf2+ Kg8 32. Qf5) 29... Nf6 $17 30. Rxe4 Qxe4 ({Much weaker is} 30... dxe4 $6 31. Nf4 $14) (30... Nxe4 {keeps more tension.} 31. Nf2 Nf6 32. Nd3 Ba5 33. Ne5 Bc7) 31. Qxe4 Rxe4 32. Nf4 ({White should play} 32. Rf5 $15) 32... Re8 33. Nd3 Ba5 34. a3 (34. Kg2 $17) 34... Bc7 $19 35. Kg2 Ne4 36. Nf4 Rf8 37. c4 dxc4 38. bxc4 Bd6 39. Ne6 $2 (39. a4 $17 {was necessary.}) 39... Rxf1 40. Kxf1 {[%mdl 4096] Endgame KBN-KBN} Be7 41. Nf4 $2 (41. Kg2 $17) 41... Kf7 42. Kg2 Nc3 (42... Bd6 $19 43. d5 Be5) 43. Bb2 $17 Nd1 44. Bc1 Nc3 (44... g5 $17 45. hxg5 Bxg5) 45. Bd2 $2 {[#]} (45. Bb2 $1 $11 Ne4 46. a4) 45... Na4 (45... Nb1 $1 $19 {[%cal Rb1d2] and Black stays clearly on top.} 46. Be1 Nxa3) 46. Bb4 (46. c5 $17 {was called for.}) 46... c5 $19 47. dxc5 Nxc5 48. Nd5 Bd6 49. Bxc5 Bxc5 $17 {KB-KN} 50. Kf2 $2 (50. a4) 50... Ke6 (50... Bxa3 $142 51. Nc3 a5) 51. Nf4+ (51. a4 {only move.}) 51... Ke5 $2 (51... Kf5 $19 52. a4 Ke4) 52. Nd3+ $15 Kd6 53. Nxc5 $2 {[%mdl 8192]} (53. a4 $17) 53... Kxc5 $17 {KP-KP} 54. e4 Kxc4 {Black mates.} 55. Ke3 b5 56. e5 Kd5 57. e6 Kxe6 58. Kf4 a5 59. Kxg4 b4 60. axb4 a4 61. h5 a3 62. b5 a2 63. b6 a1=Q 64. b7 Qb2 65. b8=Q {[%mdl 32768] Accuracy: White = 42%, Black = 55%. . Loss on time!?} 1-0